| 000 | 00561nam a2200169 i 4500 | ||
|---|---|---|---|
| 001 | 87357 | ||
| 003 | ES-MaACL | ||
| 005 | 20230906175644.0 | ||
| 007 | t| | ||
| 008 | 041221s1962 sp ||||1| spa d | ||
| 100 | 1 |
_aKrause, Walter W. _968766 |
|
| 245 | 1 | 0 |
_aAl dar las doce en Cabul _b: un viaje por las encrucijadas de Asia Central / _cpor Walter W. Krause ; [traducción por Juan Godó Costa]. |
| 260 |
_aBarcelona : _bLabor, _c[1962] |
||
| 300 |
_a256 p., 24 lám. ; _c20 cm. |
||
| 700 | 1 |
_aGodo Costa, Juan. _957532 |
|
| 852 |
_aES-MaACL _jC-50923 _bR.72643 |
||
| 999 |
_c87357 _d87357 |
||